000 00638nam a22002417a 4500
008 130525b xxu||||| |||| 00| 0 eng d
020 _a1852931396
024 _cAvialable
037 _cAvialable
040 _aMBSTU LIBRARY
082 _222 ed
_a363.58 BOF
100 _aBoardman Brenda
110 _aHerschy
245 _aFuil Poverty.
260 _aNew York
_bBelhaven Press
_c1991
300 _a22.5 cm
_b267 Page
600 _aPrograms and Services.
700 _aAbbott Patrick L.
270 _aBelhaven Press
_bNew York
_dUSA
365 _b1637.00
_d1637.00
942 _2ddc
_cBK
999 _c412
_d412